[Event "PER-ch U12"]
[Site "Lima"]
[Date "2016.02.05"]
[Round "5.4"]
[White "Alvarez Olarte, Luis"]
[Black "Sumic, Diego1111"]
[Result "1-0"]
[WhiteElo "1623"]
[BlackElo "1501"]
[PlyCount "99"]
[EventDate "2016.02.02"]
[EventType "swiss"]
[EventRounds "9"]
[EventCountry "PER"]
[SourceTitle "EXT 2024"]
[Source "ChessBase"]
[SourceDate "2023.10.10"]
[SourceVersion "1"]
[SourceVersionDate "2023.10.10"]
[SourceQuality "1"]

1. e4 c5 2. Nf3 d6 3. d4 cxd4 4. Nxd4 Nf6 5. Nc3 g6 6. Be3 Bg7 7. f3 0-0 8. Qd2 Nc6 9. 0-0-0 d5 10. Kb1 Nxd4 11. Bxd4 dxe4 12. fxe4 Be6 13. Be2 a6 14. Bf3 Qc7 15. h3 Rfd8 16. Qf2 Qc4 17. e5 Nd5 18. Nxd5 Bxd5 19. b3 Qc6 20. Bxd5 Rxd5 21. Rhf1 Qe6 22. c4 Rd7 23. Kc2 Rc8 24. Bb2 Rdc7 25. Kb1 b5 26. cxb5 axb5 27. Rd2 Ra8 28. Qf3 Rca7 29. Bd4 Ra6 30. Rdf2 Rf8 31. Qb7 Qc6 32. Qxc6 Rxc6 33. b4 Re6 34. Re1 f6 35. Rfe2 f5 36. Rc2 Rd8 37. Bb2 Rd5 38. Rc5 Rxc5 39. bxc5 Rc6 40. Bd4 e6 41. Kb2 Bf8 42. Rc1 g5 43. Kb3 Kf7 44. Kb4 Ra6 45. Kxb5 Rxa2 46. c6 Ra8 47. c7 Rc8 48. Kb6 Ke8 49. Kb7 Kd7 50. Bb6 1-0